书目信息 |
| 题名: |
建筑设计
|
|
| 作者: | 冯刚 , 李严 主编 | |
| 分册: | ||
| 出版信息: | 南京 江苏人民出版社 2012 |
|
| 页数: | 154页 | |
| 开本: | 29cm | |
| 丛书名: | ||
| 单 册: | ||
| 中图分类: | TU206 | |
| 科图分类: | ||
| 主题词: | 建筑设计--作品集--中国--现代 | |
| 电子资源: | ||
| ISBN: | 978-7-214-08595-5 | |
| 000 | 00837nam0 2200253 450 | |
| 001 | 0500003323 | |
| 005 | 20171022084524.0 | |
| 010 | @a978-7-214-08595-5@dCNY42.00 | |
| 100 | @a20171022e20162013em y0chiy0110 ea | |
| 101 | 0 | @achi |
| 102 | @aCN@b320000 | |
| 105 | @aa z 000yy | |
| 106 | @ar | |
| 200 | 1 | @a建筑设计@9jian zhu she ji@f冯刚,李严主编 |
| 210 | @a南京@c江苏人民出版社@d2012 | |
| 215 | @a154页@c图@d29cm | |
| 300 | @a建筑专业徒手草图100例 | |
| 330 | @a本书是天津大学建筑学院近几届本科学生的优秀手绘作业集,内容包括小别墅设计、艺术家工作室、天津城市纪念品博物馆设计作业,并附有作业点评和指导教师徒手草图范例。 | |
| 606 | 0 | @a建筑设计@x作品集@y中国@z现代 |
| 690 | @aTU206@v5 | |
| 701 | 0 | @a冯刚@9feng gang@4主编 |
| 701 | 0 | @a李严@9li yan@4主编 |
| 801 | 0 | @aCN@b91MARC@c20171022 |
| 905 | @b1036076-80@dTU206@f5@e1261 | |
| 建筑设计/冯刚,李严主编.-南京:江苏人民出版社,2012 |
| 154页:图;29cm |
| 建筑专业徒手草图100例 |
| ISBN 978-7-214-08595-5:CNY42.00 |
| 本书是天津大学建筑学院近几届本科学生的优秀手绘作业集,内容包括小别墅设计、艺术家工作室、天津城市纪念品博物馆设计作业,并附有作业点评和指导教师徒手草图范例。 |
| ● |
| 相关链接 |
|
|
|
|
正题名:建筑设计
索取号:TU206/1261
 
预约/预借
| 序号 | 登录号 | 条形码 | 馆藏地/架位号 | 状态 | 备注 |
| 1 | 1036076 | 210360768 | 第二样本阅览室/ [索取号:TU206/1261] | 在馆 | |
| 2 | 1036077 | 210360777 | 第三借阅区/ [索取号:TU206/1261] | 在馆 | |
| 3 | 1036078 | 210360786 | 第三借阅区/ [索取号:TU206/1261] | 在馆 | |
| 4 | 1036079 | 210360795 | 第三借阅区/ [索取号:TU206/1261] | 在馆 | |
| 5 | 1036080 | 210360802 | 密集书库-生命科学系/ [索取号:TU206/1261] | 在馆 |